Responses for Show #7846 - Monday, October 22, 2018

Contestants

[<< previous game]

Joanna Rom, a docent from Washington, D.C.

Mike Jenkins, an environmental consultant from Ewing, New Jersey

Erik Agard, a puzzlemaker from Gaithersburg, Maryland (whose 1-day cash winnings total $25,201)

[next game >>]

Jeopardy! Round responses

ARE YOU READY FOR SOME MONDAY NIGHT FOOTBALL?
DOWN____
A EUROPEAN HOLIDAY
NO LONGER AROUND
PIECES OF 8
HERSTORY
    $200 1
downsize

Mike
    $200 17
Germany

Mike
    $200 23
a Walkman

Mike
    $200 11
black

Erik
    $200 10
Cleopatra

Mike
    $400 18
Mexico City

Joanna
    $400 2
a downfall

Erik
    $2,400 19
Monaco

Joanna
    $400 15
nirvana

Erik
    $400 9
(Rosa) Parks

Erik
    $600 16
John Lennon

Joanna
    $600 3
downtown

Erik
    $600 20
the Feast of Lupercalia

Triple Stumper
    $600 28
(Erik: What's a yellow cab?)
(Mike: What's a gypsy cab?)
...
[The end-of-round signal sounds.]

a checker cab

ErikMike
Triple Stumper
    $600 12
furlongs

Erik
    $600 6
Catherine the Great

Joanna
    $800 24
(Alex: Less than a minute now.)

(Brett) Favre

Erik
    $800 4
downwind

Erik
    $800 21
the Netherlands

Joanna
    $800 27
Ben & Jerry's

Joanna
    $800 13
a menorah

Erik
    $800 7
the Gang of Four

Joanna
    $1000 25
(Al) Michaels

Erik
    $1000 5
downtrodden

Erik
    $1000 22
the Isle of Man

Triple Stumper
    $1000 26
Woolworth

Mike
    $1000 14
oxygen

Erik
    $1000 8
Montana

Erik

Scores at the first commercial break (after clue 15):

Erik Mike Joanna
$7,200 $400 $1,400

Scores at the end of the Jeopardy! Round:

Erik Mike Joanna
$8,400 $1,200 $6,400

Double Jeopardy! Round responses

CLASSICAL RAPPERS
SUPREME COURT CASES
THRE"E"-LETTER WORDS
SOMETHING TO READ
VARIOUS COWBOYS
VENOM
    $400 9
(Johann Sebastian) Bach

Erik
    $400 19
Roe v. Wade

Erik
    $400 1
eau

Joanna
    $400 16
alpha

Erik
    $400 22
a rhinestone cowboy

Erik
    $400 7
the duck-billed platypus

Joanna
    $800 21
surrealism

Triple Stumper
    $800 18
Brown v. Board

Erik
    $800 2
an end

Erik
    $800 15
in cold blood

Joanna
    $800 25
John Travolta

Triple Stumper
    $800 8
a water moccasin

Triple Stumper
    $1200 6
The Planets

Erik
    $1200 10
(Joanna: What is Gore v. Florida?)

Bush v. Gore

ErikJoanna
    $1200 3
err

Joanna
    $1200 13
(Alex) Cross

Erik
    $1200 24
(Alex: We have less than a minute now.)

"Space Cowboy"

Triple Stumper
    $1200 27
a spider

Triple Stumper
    $3,500 11
(Alex: Erik?)
[Erik shrugs.]

Marbury v. Madison

Erik
    $1600 4
an elf

Erik
    $1600 12
Mr. Kurtz

Joanna
    $1600 23
the drugstore cowboy

Triple Stumper
    $500 17
a Gila monster

Erik
    $2000 28
(Joanna: Who is Copland?)
...
[The end-of-round signal sounds.]

Modest Mussorgsky

Joanna
Triple Stumper
    $2000 20
Citizens United

Triple Stumper
    $2000 5
an erg

Erik
    $2000 14
(Joanna: What is The Oresteia?)

Mourning Becomes Electra

Joanna
Triple Stumper
    $2000 26
(Joanna: Who is Roy Rogers?)

Gene Autry

Joanna
Triple Stumper

Scores at the end of the Double Jeopardy! Round:

Erik Mike Joanna
$15,800 $1,200 $3,600
(lock game)

[wagering suggestions for these scores]

Final Jeopardy! Round responses

PLACES IN THE NEWS
(Alex: And in 1985, it was purchased as a warm-weather retreat by the man who now uses it for that purpose.)
...
(Alex: [To Joanna] President Trump's warm-weather retreat.)
...
(Alex: [To Erik] "What is..." "What is you doing?" "What is you doing baby?" Is that what...?)
(Erik: Too loud right now.)
(Alex: What is you doing, baby? Well, I'm responding incorrectly! And I'm going to lose $1,000, but I'm going to pick up $14,800, which will give me a total of $40,001.)
MikeWhat is Mar
$1,100
JoannaWhat is Mar-a-lago?
$66
ErikWhat is you doing baby?
$1,000
Mar-a-Lago

Final scores:

Erik Mike Joanna
$14,800 $100 $3,666
2-day champion: $40,001 3rd place: $1,000 2nd place: $2,000

Game dynamics:

Coryat scores:

Erik Mike Joanna
$20,400 $1,200 $1,600
25 R
(including 1 DD),
2 W
(including 1 DD)
5 R,
1 W
12 R
(including 1 DD),
4 W

Combined Coryat: $23,200

[game clues] [game scores] [suggest correction]

Game tape date: 2018-08-21
The J! Archive is created by fans, for fans. Scraping, republication, monetization, and malicious use prohibited; this site may use cookies and collect identifying information. See terms. The Jeopardy! game show and all elements thereof, including but not limited to copyright and trademark thereto, are the property of Jeopardy Productions, Inc. and are protected under law. This website is not affiliated with, sponsored by, or operated by Jeopardy Productions, Inc. Join the discussion at JBoard.tv.